| 000 | 00878cam a22002773a 4500 | ||
|---|---|---|---|
| 001 | 20795 | ||
| 003 | PGUSA | ||
| 005 | 20140828083437.0 | ||
| 008 | 070310s2007||||xxu|||||s|||||000 1 eng d | ||
| 040 |
_aPGUSA _beng |
||
| 042 | _adc | ||
| 050 | 4 | _aPR | |
| 100 | 1 |
_aDickens, Charles, _d1812-1870 |
|
| 245 | 1 | 4 |
_aThe Cricket on the Hearth _h[electronic resource] / _cCharles Dickens |
| 260 |
_bProject Gutenberg, _c2007 |
||
| 505 | 0 | _aChirp the First -- Chirp the Second -- Chirp the Third | |
| 506 | _aPublic domain in the USA. | ||
| 516 | _aElectronic text | ||
| 653 | _aChristmas stories, English | ||
| 653 | _aHolidays -- Fiction | ||
| 653 | _aEngland -- Social life and customs -- 19th century -- Fiction | ||
| 700 | 1 |
_aWilliams, George Alfred, _d1875-1932 |
|
| 830 | 0 |
_aProject Gutenberg _v20795 |
|
| 856 | 4 | 0 | _uhttp://www.gutenberg.org/ebooks/20795 |
| 942 | _cEB | ||
| 999 |
_c250050 _d250050 |
||